banner koha

Study of plant extracts: assessment of the cytotoxic and genotoxic potential of aqueous extracts of Punica granatum L. (pomegranate) (Registro n. 300799)

MARC details
000 -LÍDER
fixed length control field 04667nab a2200301 i 4500
003 - CÓDIGO MARC DA AGÊNCIA CATALOGADORA
Campo de controle BR-BrBNA
005 - DATA E HORA DA ÚLTIMA ATUALIZAÇÃO
Campo de controle 20240808152639.0
008 - CAMPO DE TAMANHO FIXO
fixed length control field 240808b2017 bl.qr|pooa||| 00| 0 eng |
040 ## - FONTE DA CATALOGAÇÃO
Agência catalogadora BR-BrBNA
Idioma da catalogação eng
072 ## - CATEGORIA AGRIS
Código AGRIS F60
100 ## - ENTRADA PRINCIPAL - NOME PESSOAL
Nome pessoal Teixeira, J.T.S.
100 ## - ENTRADA PRINCIPAL - NOME PESSOAL
Nome pessoal Gomes, J.V.
100 ## - ENTRADA PRINCIPAL - NOME PESSOAL
Nome pessoal Matos, A.F.
100 ## - ENTRADA PRINCIPAL - NOME PESSOAL
Nome pessoal Pereira, G.L
100 ## - ENTRADA PRINCIPAL - NOME PESSOAL
Nome pessoal Borba, H.R.
100 ## - ENTRADA PRINCIPAL - NOME PESSOAL
Nome pessoal Lima, V.M.
245 ## - TÍTULO PRINCIPAL
Título principal Study of plant extracts: assessment of the cytotoxic and genotoxic potential of aqueous extracts of Punica granatum L. (pomegranate)
500 ## - NOTA GERAL
Nota geral Publicação on-line; 26 ref.; 2 tables; 1 illus.; Summaries (En, Pt)
942 ## - ADDED ENTRY ELEMENTS (KOHA)
Koha item type
520 ## - NOTA DE RESUMO
Nota de conteúdo <br/><br/>ABSTRACT: <br/><br/>Punica granatum L., of the family Lytracea, is a deciduous fruit-bearing and<br/>ornamental shrub or small tree that is widely distributed throughout Brazil. Tea made from the<br/>peel of the fruits is used in folk medicine to treat a wide range of maladies, including inflammatory<br/>and infectious diseases and illnesses affecting the respiratory tract. Pomegranate extracts<br/>also have been shown to have excellent cestocidal activity in mice. This study evaluated the<br/>cytotoxic and genotoxic potential of aqueous extract obtained from the epicarp of P. granatum,<br/>utilizing the Allium cepa test system. Onion bulbs were separated into two control groups and<br/>two treatment groups, each group with five bulbs. The negative control group was kept in distilled<br/>water, the treatment groups were placed in contact with the plant extract at two concentrations<br/>(50 mg mL-1 and 80 mg mL-1) and the positive control was exposed to a solution containing 25<br/>mM of EMS. The results demonstrated that the extracts does not have direct any genotoxic<br/>effects, and presented a protective potential. The extract presented cytotoxic effects at the<br/>two concentrations studied, with significant anti-proliferative activity standing out at the lower<br/>concentration. Therefore, further studies should be conducted to investigate the relative safety<br/>of using of tea made from pomegranate epicarp to treat ailments. These results indicate the<br/>need for further studies to ascertain whether tea made from pomegranate epicarp could be<br/>safely used. A need also exists to identify and to isolate the components that can be used to<br/>reduce oxidative stress and as anticancer agents.<br/><br/>Keywords: Allium cepa, Punica granatum, cytotoxicity, genotoxicity
520 ## - NOTA DE RESUMO
Nota de conteúdo <br/><br/>RESUMO: <br/><br/>Estudo de extratos vegetais: avaliação do potencial citotóxico e genotóxico<br/>de extratos aquosos de Punica granatum L. (romã). A Punica granatum L., família Lytracea,<br/>é uma espécie de planta frutífera e ornamental, amplamente distribuída por todo Brasil. O<br/>chá da casca dos frutos é empregado na medicina popular para o tratamento de um grande<br/>número de doenças inflamatórias, infecciosas, doenças do trato respiratório, apresentando<br/>também excelente atividade cestoidicida em camundongos. Este trabalho teve por objetivo<br/>avaliar o potencial citotóxico e genotóxico do extrato aquoso obtido a partir do epicarpo de P.<br/>granatum, utilizando o sistema teste de Allium cepa. Bulbos de A. cepa foram separados em<br/>dois grupos controles e dois grupos teste, cada grupo com cinco cebolas. O grupo controle<br/>negativo permaneceu em água destilada, os grupos testes foram colocados em contato com<br/>o extrato vegetal (50 mg mL-1 e 80 mg mL-1) e o controle positivo permaneceu em contato com<br/>uma solução contendo EMS, 25 mM. Os resultados obtidos demonstram que os extratos não<br/>são possuidores de efeitos genotóxicos diretos, apresentando inclusive uma potencialidade<br/>protetora. Os extratos apresentam efeitos citotóxicos nas duas concentrações analisadas,<br/>destacando-se uma atividade antiproliferativa significativa na menor concentração. Portanto,<br/>é necessário que mais análises sejam realizadas para que a utilização do chá do epicarpo da<br/>romã possa ser feita com relativa segurança pela população. Existe também uma necessidade<br/>de identificar e isolar os componentes que podem ser utilizados como redutores do estresse<br/>oxidativo e agentes anticancerígenos.<br/><br/>Palavras-chave: Allium cepa, Punica granatum, citotoxicidade, genotoxicidade
650 ## - ASSUNTO - THESAGRO
Cabeçalho tópico ou nome geográfico ALLIUM CEPA
650 ## - ASSUNTO - THESAGRO
Cabeçalho tópico ou nome geográfico PUNICA GRANATUM
650 ## - ASSUNTO - THESAGRO
Cabeçalho tópico ou nome geográfico TOXIDEZ
773 0# - ENTRADA ANALÍTICA
Host Biblionumber 3543
Registro do item 316809
Imprenta Botucatu-SP Instituto de Biociências - Departamento de Química e Bioquímica 1998
Outro identificador 2024-3347
Título Revista Brasileira de Plantas Medicinais (Brazil)
ISSN 1516-0572
Colação v. 19(1) p. 156-161; (2017)
Número de controle de registro BR2024002096
856 ## - ACESSO E ENDEREÇO ELETRÔNICO
Identificador uniforme de recurso - URI https://www.sbpmed.org.br/admin/files/papers/file_W84uS6olzEUq.pdf

Nenhum exemplar disponível.

BINAGRI

Telefone: (61)3218-2567/2388/3357/2097 - binagri@agro.gov.br

Ministério da Agricultura e Pecuária , Esplanada dos Ministérios, Bloco D, Anexo B, Brasília/DF, CEP: 70.043-900